Générique Beyblade Burst - Paroles - Statistiques

Statistiques générales
  • Ce quiz a été pris 101 fois
  • Le résultat moyen est 11 sur 18
Statistiques - réponses
Paroles % Correct
Oh Ouhohoh Hyper-{vitesse}
98%
Oh Ouhohoh Hyper-{vitesse}
76%
C'est pendant la {bataille}
75%
Gagner quand {même}
75%
Beyblade {Burst}
73%
Beyblade {Burst}
71%
Tu n'as qu'à le {refaire}
71%
Le but est le {même}
70%
Même si tu {perd}
68%
Que nous {vivons}
67%
C'est notre {moment}
59%
Venue de {loin}
57%
C'est notre {temps}
56%
Pour mieux {survivre}
56%
Pour entendre ce cri sans {fin}
51%
On ne {lâchera} pas
49%
Le ciel se {brise}
40%
On s'{évade} pas
6%
Aucun quiz correspondant
Distribution des résultats
% des personnes avec chaque résultat
Percentile par nombre de réponses
Votre historique - résultats
Vous n’avez pas pris ce quiz